Video Game Characters By Picture - Z - Statistics

General Stats
  • This quiz has been taken 75 times
  • The average score is 5 of 8
Answer Stats
Picture Answer % Correct
Zombie (Plants vs. Zombies)
97%
Princess {Zelda}
95%
Zombie (Minecraft)
95%
Zapdos
73%
Zangief
64%
Zero
56%
Doctor {Zomboss}
39%
Zavok
20%
No matching quizzes found
Score Distribution
Percent of People with Each Score
Percentile by Number Answered
Your Score History
You have not taken this quiz